Statistics for Movie Poster Quiz #7

Click here to take the quiz!

General Stats

  • This quiz has been taken 162 times
  • The average score is 12 of 16

Answer Stats

Answer% Correct
Home Alone
98%
Happy Feet
90%
The Shining
90%
The Devil Wears Prada
88%
Mean Girls
85%
Dirty Dancing
83%
Diary of a Wimpy Kid
77%
The Notebook
76%
The Shawshank Redemption
76%
Spy Kids
72%
Get Out
71%
Pretty Woman
62%
Paranormal Activity
59%
One Flew Over the Cuckoo's Nest
54%
My Big Fat Greek Wedding
52%
She's All That
36%

Score Distribution

Percentile by Number Answered

Percent of People with Each Score

Your Score History

You have not taken this quiz